000 00774nam a22002297a 4500
005 20091008115021.0
008 091008t xxu||||| |||| 00| 0 eng d
010 _aENG-95099
020 _a9788184883916
_c98.00
035 _aEN-78632
037 _bDBAD/PUB
040 _aDPL
_bENG
082 _a658
100 _aCherunilam, Francis
245 _aBusiness environment /
_cby Francis Cherunilam
260 _aMumbai
_bHimalaya Publishing House
_c2009
270 _aRamdoot, Dr.Bhaleao Marg
_bMumbai
_e400004
300 _a156 p.
_c24cm.(Pbk)
500 _aAs per the syllabus MP
942 _2ddc
_cEN
_mCHE
_h658
999 _c30855
_d30855